|
|
|
|
| LEADER |
00000nam0a2200000 4500 |
| 001 |
109455 |
| 005 |
20231031120025.0 |
| 035 |
|
|
|a (RuTPU)RU\TPU\book\118180
|
| 090 |
|
|
|a 109455
|
| 100 |
|
|
|a 20070208d1970 km y0rusy50 ca
|
| 101 |
0 |
|
|a rus
|
| 102 |
|
|
|a RU
|
| 105 |
|
|
|a a z 001zy
|
| 200 |
1 |
|
|a Защита аппаратов от динамических воздействий
|f В. С. Ильинский
|
| 210 |
|
|
|a Москва
|c Энергия
|d 1970
|
| 215 |
|
|
|a 320 с.
|c ил.
|
| 320 |
|
|
|a Библиогр.: с. 317-318.
|
| 610 |
1 |
|
|a вибрационная техника
|
| 610 |
1 |
|
|a вибрационные процессы
|
| 610 |
1 |
|
|a виброгасители
|
| 610 |
1 |
|
|a демпферы
|
| 610 |
1 |
|
|a динамические воздействия
|
| 610 |
1 |
|
|a защита
|
| 610 |
1 |
|
|a изоляция
|
| 610 |
1 |
|
|a удары
|
| 610 |
1 |
|
|a амортизаторы
|
| 610 |
1 |
|
|a амортизация
|
| 675 |
|
|
|a 62-752
|v 3
|
| 700 |
|
1 |
|a Ильинский
|b В. С.
|g Всеволод Сергеевич
|
| 801 |
|
1 |
|a RU
|b 63413507
|c 20070208
|g PSBO
|
| 801 |
|
2 |
|a RU
|b 63413507
|c 20230118
|g PSBO
|
| 942 |
|
|
|c BK
|